Hits Different - Taylor Swift (All Lyrics) - Statistics

General Stats
  • This quiz has been taken 304 times
  • The average score is 402 of 458
Answer Stats
Lyrics % Correct
I
100%
a
99%
A
99%
'cause
99%
('Cause
99%
'Cause
99%
is
99%
Is
99%
It
99%
it
99%
(It
99%
it's
99%
the
99%
You
99%
you
99%
you)
99%
you?
99%
different
98%
different)
98%
hits
98%
me
98%
my
98%
my,
98%
(My
98%
do
96%
love
96%
Oh,
96%
to
96%
To
96%
for
95%
in
94%
In
94%
was
94%
lie
93%
on
93%
that
93%
this
93%
This
93%
time
93%
your
93%
get
92%
of
92%
so
92%
an
91%
by
91%
at
90%
easy
90%
say
90%
Then
90%
then
90%
They
90%
they
90%
us
90%
and
89%
And
89%
(And
89%
girl
89%
friends
88%
never
88%
up
88%
just
87%
with
87%
always
86%
blues
86%
don't
85%
Don't
85%
Like
85%
like
85%
pictured
85%
some
85%
street
85%
Catastrophic
84%
club
84%
other
84%
were
84%
cry
83%
cry)
83%
girls
83%
Movin'
83%
away?
82%
away
82%
hands
82%
have
82%
if
82%
know
82%
off
82%
one
82%
Shit
82%
take
82%
threw
82%
made
81%
need
81%
washed
81%
bar
80%
mess
80%
waiting
80%
bus
79%
door
79%
door?
79%
dream
79%
Or
79%
right,
79%
Why
79%
why
79%
Yeah,
79%
(Yeah)
79%
come
78%
felt
78%
car
76%
ever
76%
good
76%
has
76%
key
76%
our
76%
out
76%
shows
76%
walkin'
76%
guy
74%
heard
74%
I'd
74%
kill
74%
main
74%
Now
74%
sadness
74%
still
74%
turn
74%
down
73%
feelings
73%
song
73%
contagious
72%
contagious)
72%
name
72%
start
72%
stopped
72%
'til
72%
could
71%
Dreams
71%
Each
71%
enough
71%
eyes
71%
hair
71%
hallway
71%
heart
71%
hurts
71%
invitations
71%
needed
71%
Nothing
71%
plays
71%
sand
71%
should'nt
71%
simple
71%
someone
71%
sun
71%
while
71%
wrong
71%
loved
70%
okay?
70%
receiving
70%
sense
70%
these
70%
world,
70%
world
70%
asshole
69%
bleedin'
69%
burns
69%
summer
69%
make
68%
puts
68%
used
68%
wound
68%
believed
67%
outlaw
67%
ghost
66%
over
66%
skip
66%
town
66%
Freedom
65%
held
65%
once
65%
wrinkle
65%
coast
64%
cried
64%
space
64%
artifacts,
63%
metaphor,
63%
Rip
63%
switch
63%
another
62%
Kens,
62%
Argumentative,
61%
band-aid
61%
belief
60%
evidence,
60%
hat
60%
melt
59%
slur
59%
antithetical
57%
crease
57%
stare
56%
find
54%
Cursed
52%
trace
50%
Bet
46%
No matching quizzes found
Score Distribution
Percent of People with Each Score
Percentile by Number Answered
Your Score History
You have not taken this quiz